LDR 00786naa#a2200181#i#450# 001 EN\FGKOU VO SPBU MVD ROSSII\bibl\122886 005 20260704182947.6 011 ## _a2227-7226 100 ## _a20260630b2026####ek#y0engy0150####ca 102 ## _aRU 200 1# _aVitagenic experience of students in the context of a practice-oriented approach to the formation of communicative competence _eJournal article 210 1# _aSt. Petersburg _cSAINT-PETERSBURG UNIVERSITY OF THE MINISTRY OF INTERNAL AFFAIRS OF THE RUSSIAN FEDERATION _d2026 215 ## _a7 с. 608 ## _aJournal article _2local 675 ## _aМетоды обучения. Формы преподавания. 378.147 _z 700 #1 _aKovshikova _gElena Vladimirovna 700 #1 _aGimpel'son _gElena Grigor'evna 856 4# _arussianjournaldeviantbehavior.ru _u